A carregar...
Environmental Impact Assessment : Theory and Practice
| Autor principal: | |
|---|---|
| Formato: | Printed Book |
| Idioma: | Undetermined |
| Publicado em: |
London
Unwin Hyman
1988
|
| Assuntos: |
| LEADER | 00524nam a2200157Ia 4500 | ||
|---|---|---|---|
| 008 | 140316s9999 xx 000 0 und d | ||
| 020 | |a 0044458169 | ||
| 082 | |a 333.7 |b WAT/EN | ||
| 100 | |a Wathern,Peter | ||
| 245 | |a Environmental Impact Assessment : Theory and Practice | ||
| 260 | |a London |b Unwin Hyman |c 1988 | ||
| 300 | |a 332 | ||
| 650 | |a EIA | ||
| 942 | |2 ddc |c BK | ||
| 999 | |c 15141 |d 15141 | ||
| 952 | |0 0 |1 0 |2 ddc |4 0 |6 333_700000000000000_WATEN |7 0 |9 16446 |a KAUCLV |b KAUCLV |c GENERAL |d 2014-03-18 |o 333.7 WAT/EN |p 805392 |r 2014-03-18 |w 2014-03-18 |y BK | ||